| 000 | 00867nam a2200217 a 4500 | ||
|---|---|---|---|
| 003 | 0 | ||
| 005 | 20250621111158.0 | ||
| 008 | 030602s19uu xx 00 eng d | ||
| 050 |
_aPGS QA 11.2 _b.M963 1998 |
||
| 050 |
_aPGS QA 11.2 _b.M963 1998 |
||
| 100 | _aMunar, Carlos C. | ||
| 245 |
_aThe reactions of Southville International School grade six students, school year 1997-1998, to mathematics as a subject / _cCarlos C. Munar. |
||
| 260 |
_aLas PiƱas City, Philippines : _bSouthville International School and Colleges, _c1998. |
||
| 300 |
_a37 pages : _bcolored illustrations ; _c28 cm. |
||
| 504 | _aIncludes bibliographical references. | ||
| 650 |
_aMathematics _vStudy and teaching (Elementary). |
||
| 650 |
_aElementary school students _vAttitudes. |
||
| 650 |
_aMathematics _vPsychological aspects. |
||
| 650 | _aStudent attitudes. | ||
| 942 |
_2lcc _cPASS |
||
| 999 |
_c96114 _d96114 |
||